000
00291nam a22001337a 4500
008
170502b xxu||||| |||| 00| 0 eng d
020
_a
9780131137875
041
_a
eng
080
_2
2ND
_a
34
100
_a
14
101
_a
SHJ
245
_a
JUSTICE BLIND?
_c
ROBINSON, M.B
942
_2
udc
_c
BK
999
_c
12436
_d
12436